| 000 | 01056nas a2200313 i 4500 | ||
|---|---|---|---|
| 001 | 1570 | ||
| 003 | ES-MaACL | ||
| 005 | 20250217134250.0 | ||
| 007 | t| | ||
| 008 | 950801d18911927sp w| | 1 ||pa d | ||
| 022 | _a2174-758X | ||
| 040 | _cES-MaACL | ||
| 080 | _a(051) | ||
| 245 | 0 | 3 |
_aEl Nuevo régimen : _bsemanario federal / _c[fundado por Francisco Pi y Margall]. |
| 260 |
_aMadrid : _b[s.n.], _c1891-1927 _f(Progreso Tipográfico) |
||
| 300 |
_a3 volúmenes ; _c40 y 50 cm. |
||
| 310 | _aSemanal | ||
| 362 | 0 | _aAño I (17 en. 1891)-(1-dic.-1927) | |
| 500 | _aVariaciones en el formato | ||
| 530 | _aDisponible en formato digital | ||
| 650 | 4 |
_aRevistas de información general _916896 |
|
| 655 | 4 |
_9226864 _aRevistas de información general |
|
| 700 | 1 |
_aPi y Margall, Francisco, _d1824-1901 _991732 |
|
| 852 | _aES-MaACL | ||
| 856 |
_uhttps://hemerotecadigital.bne.es/hd/issn/2174-758X _yVersión en línea _z(Hemeroteca Digital) |
||
| 866 | 0 | _o1891-94. | |
| 942 |
_2udc _cPERIODICA _n0 |
||
| 999 |
_c1570 _d1570 |
||